00479nam a22001697a 450000500170000001000150001702000260003203500140005803700090007208200120008110000180009324500460011125000060015726000360016327000910019930000190029020250724150657.0 aENG-146128 a9789348685940c250.00 aEN-129660 bDBAD a306.675 aDias, Anthony aThe Paschalization of Time/cAnthony Dias a1 aBengalurubATC Publishersc2025 a9/12-1, 1st Floor, Lloyd's Road Cooke TownbBengalurue560005madmin@atcpublishers.com a142pc21cm(pb)